000 00696nam a2200217Ii 4500
003 JO-AjNU
008 230605s9999||||xx |||||||||||||| ||und||
017 _a1989/2/245
040 _aJO-AjNU
_bara
_erda
_cJO-AjNU
041 _aara
050 1 4 _aPJ7846.I65.G42 1992
100 3 _aتأليف مقدادي، محمود مصطفى,
_eauthor
_948884
245 0 0 _aغابة الأولياء: رواية
250 _aط1
264 3 1 _aإربد:قدسية للنشر والتوزيع،1989
300 _a192ص
336 _atext
_btxt
_2rdacontent
337 _aunmediated
_bn
_2rdamedia
338 _avolume
_bnc
_2rdacarrier
650 4 _aالأدب العربي - قصص - الأردن
_948885
999 _aA21437
_c25005
_d25005